| 000 | 00393nam a2200133Ia 4500 | ||
|---|---|---|---|
| 008 | 230917s9999||||xx |||||||||||||| ||und|| | ||
| 040 |
_e205193 _aMAIN |
||
| 041 | _aEnglish | ||
| 082 | _a785.0954 B469P | ||
| 100 | _aBhairvi | ||
| 245 | 0 | _aPunjab mein tantri evam ananadh vadyon ke vadan, sangeet ki parmpara, swar-oop evam vikas ka vishleshnatmak adhyayan | |
| 300 | _a316 p. | ||
| 942 | _cTH | ||
| 999 |
_c125663 _d125663 |
||